000 00981nam a2200289 i 4500
001 8594
003 KOSZ 005
005 20191010083339.0
008 080424s1964 pl a f 000 0 pol
015 _aPB 1965/1534
040 _aWA N
_cKOSZ 005/RW
_dKOSZ 005/RW
080 _a628+697
100 1 _aFerencowicz, Jan
_d(1902-1985).
_eAutor
245 1 0 _aWentylacja i klimatyzacja /
_cJan Ferencowicz.
250 _aWyd. 2 popr. i uzup.
260 _aWarszawa :
_b"Arkady",
_c1964.
300 _a668 s., [7] k. tabl. :
_bil. ;
_c25 cm.
380 _aKsiążki.
504 _aBibliogr. s. 667-668.
521 8 _aDla studentów wydziałów inżynierii sanitarnej oraz projektantów i inżynierów.
655 4 _aPodręcznik
650 4 _aKlimatyzacja
650 4 _aWentylacja
710 2 _aWydawnictwo "Arkady".
_4pbl.
856 _uhttp://koha.tu.koszalin.pl/cgi-bin/koha/opac-detail.pl?biblionumber=8594
_yKatalog online BPK
942 _2UKD
_cKS
999 _c8594
_d8594